Oldest Professional Football Clubs - Statistics

General Stats
  • This quiz has been taken 24 times
    4 since last reset
  • The average score is 10 of 20
Answer Stats
Year Code Hint Answer % Correct
1862 Association Across the River Trent from their more famous local rivals. Notts County
100%
1859 Australian Shares its name with its home city in the state of Victoria. Melbourne
75%
1865 Association Returned to the Premier League in 2022 after 23 years. Nottingham Forest
75%
1867 Association The only amateur club in Scotland's pro leagues until 2019. Queen's Park
75%
1867 Association Their nickname comes from their home in Owlerton. Sheffield Wednesday
75%
1863 Association Nicknamed the Potters, not known to have played before 1868. Stoke City
75%
1864 Association Welsh club owned by Ryan Reynolds and Rob McElhenney. Wrexham
75%
1866 Rugby union Plays at Twickenham Stoop, across from Twickenham Stadium. Harlequins
50%
1864 Rugby league The RFL was founded in their West Yorkshire home town. Huddersfield Giants
50%
1865 Rugby league Groundshares with the EFL Championship's Tigers. Hull FC
50%
1869 Association Longstanding local rival of Ayr United. Kilmarnock
50%
1870 Rugby league Eight-time Super League champions playing at Headingley. Leeds Rhinos
50%
1865 Rugby union Somerset club that has played every Premiership season. Bath
25%
1864 Australian The first club to reach a current equal record 16 VFL/AFL flags. Carlton
25%
1861 Association Claims the history of an amateur club from Hyde Park. Crystal Palace
25%
1859 Australian From the second-biggest city of the same state as above. Geelong
25%
1870 Association Fifth-tier Magpies have played at York Road since 1871. Maidenhead United
25%
1869 Australian Joined the VFL in 1925 with Footscray and Hawthorn. North Melbourne
25%
1870 Australian Historic South Australian club, joined the AFL in 1997. Port Adelaide
25%
1861 Rugby union The only Premiership Rugby club in Greater Manchester. Sale Sharks
25%
No matching quizzes found
Score Distribution
Percent of People with Each Score
Percentile by Number Answered
Your Score History
You have not taken this quiz since the last reset